Bytový dom

Saved in:
Bibliographic Details
Main Author: Jančok, Adam (Author)
Other Authors: Šťastný, Patrik (Thesis advisor)
Format: Manuscript Book
Language:Slovak
Published: 2024
Subjects:
Online Access:http://is.stuba.sk/zp/portal_zp.pl?podrobnosti=167510
https://opac.crzp.sk/?fn=detailBiblioForm&sid=E866CA411CD4E5149FB68369BB2C
Tags: Add Tag
No Tags, Be the first to tag this record!

MARC

LEADER 00000ntm a22000003a 4500
001 stuzp99199
003 SK-STU
005 20240916142303.6
007 ta
008 150427s2015----xo-----f-mn---000-0-slo-d
040 |a STU  |b slo 
041 0 |a slo 
100 1 |a Jančok, Adam  |u 010270  |4 aut  |U SvF Stavebná fakulta  |T SvF Katedra technológie stavieb  |X 114892  |U V270  |Y 28  |7 114892 
242 0 1 |a Residential house  |y eng 
245 1 0 |a Bytový dom 
260 |c 2024 
650 4 |a TMS  |2 slo 
650 4 |a BP  |2 slo 
650 4 |a SDK podhlad  |2 slo 
650 4 |a TMS  |2 eng 
650 4 |a BT  |2 eng 
650 4 |a ceiling  |2 eng 
700 1 |a Šťastný, Patrik  |u 010270  |k Z2  |4 ths  |U SvF Stavebná fakulta  |T SvF Katedra technológie stavieb  |X 70398  |U V270  |Y 28  |7 70398 
856 4 |u http://is.stuba.sk/zp/portal_zp.pl?podrobnosti=167510 
856 4 |u https://opac.crzp.sk/?fn=detailBiblioForm&sid=E866CA411CD4E5149FB68369BB2C